Statistics for Capitals of the Countries Bordering South Africa

Click here to take the quiz!

General Stats

  • This quiz has been taken 70 times
  • The average score is 5 of 6

Answer Stats

Answer% Correct
Harare
93%
Windhoek
93%
Maputo
84%
Maseru
84%
Gaborone
78%
Mbabane
74%

Score Distribution

Percentile by Number Answered

Percent of People with Each Score

Your Score History

You have not taken this quiz